000 00711nam a2200289Ia 4500
005 20260324124811.0
008 008 260324s9999 xx 000 0 eng d
020 _a9781315127743
037 _aEBOOK
040 _aCRL
040 _beng
040 _cCRL
041 _2eng
041 _aeng
084 _qCRL
100 _aRita J. Simon
_91175533
245 0 _aPublic Opinion in the United States
245 0 _bStudies of Race, Religion, Gender, and Issues That Matter
260 _bTaylor and Francis
260 _c2010
365 _a
365 _b145
856 _uhttp://www.taylorfrancis.com/books/9781315127743
942 _cEBOOK
999 _c1770258
_d1770258